书目信息 |
| 题名: |
那朵盛开的藏波罗花
|
|
| 作者: | 梁永安 著 | |
| 分册: | ||
| 出版信息: | 上海 复旦大学出版社有限公司 2018 |
|
| 页数: | 223页 | |
| 开本: | 23cm | |
| 丛书名: | ||
| 单 册: | ||
| 中图分类: | K826.15=76 | |
| 科图分类: | ||
| 主题词: | 生物学家--传记--中国--现代 | |
| 电子资源: | ||
| ISBN: | 978-7-309-13723-1 | |
| 000 | 01232nam0 2200253 450 | |
| 001 | 012001004086 | |
| 005 | 20140928162348.0 | |
| 010 | @a978-7-309-13723-1@dCNY32.00 | |
| 100 | @a20180819d2018 em y0chiy50 ea | |
| 101 | 0 | @achi |
| 102 | @aCN@b310000 | |
| 105 | @aa z 000yb | |
| 106 | @ar | |
| 200 | 1 | @a那朵盛开的藏波罗花@9na duo sheng kai de zang bo luo hua@e钟扬小传@f梁永安著 |
| 210 | @a上海@c复旦大学出版社有限公司@d2018 | |
| 215 | @a223页@c照片@d23cm | |
| 330 | @a钟扬,湖南邵阳人,1964年5月出生,生前系复旦大学党委委员、研究生院院长、生命科学学院教授、博士生导师,中央组织部第六、七、八批援藏干部,教育部长江学者特聘教授,国家杰出青年科学基金获得者,长期从事植物学、生物信息学研究和教学工作,取得一系列重要研究成果。2017年9月25日,钟扬同志在去内蒙古城川民族干部学院为民族地区干部讲课的出差途中遭遇车祸,不幸逝世。本书为复旦大学中文系梁永安老师亲笔撰写的钟扬传记。作者参阅大量材料,并作亲身考察,从十六个侧面,为我们勾勒了一幅钟扬的人生画卷。 | |
| 517 | 1 | @a钟扬小传@9zhong yang xiao zhuan |
| 606 | 0 | @a生物学家@x传记@y中国@z现代 |
| 610 | 0 | @a钟扬(1964-2017) |
| 690 | @aK826.15=76@v5 | |
| 701 | 0 | @a梁永安@9liang yong an@f(1954-)@4著 |
| 801 | 0 | @aCN@b上海新华@c20180901 |
| 905 | @b1164242-6@dK826.15=76@e99@f5 | |
| 那朵盛开的藏波罗花:钟扬小传/梁永安著.-上海:复旦大学出版社有限公司,2018 |
| 223页:照片;23cm |
| ISBN 978-7-309-13723-1:CNY32.00 |
| 钟扬,湖南邵阳人,1964年5月出生,生前系复旦大学党委委员、研究生院院长、生命科学学院教授、博士生导师,中央组织部第六、七、八批援藏干部,教育部长江学者特聘教授,国家杰出青年科学基金获得者,长期从事植物学、生物信息学研究和教学工作,取得一系列重要研究成果。2017年9月25日,钟扬同志在去内蒙古城川民族干部学院为民族地区干部讲课的出差途中遭遇车祸,不幸逝世。本书为复旦大学中文系梁永安老师亲笔撰写的钟扬传记。作者参阅大量材料,并作亲身考察,从十六个侧面,为我们勾勒了一幅钟扬的人生画卷。 |
| ● |
| 相关链接 |
|
|
|
|
正题名:那朵盛开的藏波罗花
索取号:K826.15=76/99
 
预约/预借
| 序号 | 登录号 | 条形码 | 馆藏地/架位号 | 状态 | 备注 |
| 1 | 1164242 | 211642427 | 第二样本阅览室/ [索取号:K826.15=76/99] | 在馆 | |
| 2 | 1164243 | 211642436 | 密集书库-史法系/ [索取号:K826.15=76/99] | 在馆 | |
| 3 | 1164244 | 211642445 | 第二借阅区/ [索取号:K826.15=76/99] | 在馆 | |
| 4 | 1164245 | 211642454 | 第二借阅区/ [索取号:K826.15=76/99] | 在馆 | |
| 5 | 1164246 | 211642463 | 第二借阅区/ [索取号:K826.15=76/99] | 在馆 |